Rhymes and rhythm : (Record no. 175339)

MARC details
000 -LEADER
fixed length control field 01044cam a2200241 a 4500
001 - CONTROL NUMBER
control field vtls001411260
003 - CONTROL NUMBER IDENTIFIER
control field MY-SjTCS
005 - DATE AND TIME OF LATEST TRANSACTION
control field 20200226121033.0
008 - FIXED-LENGTH DATA ELEMENTS--GENERAL INFORMATION
fixed length control field 110218s1994 enk 00 0 eng
020 ## - INTERNATIONAL STANDARD BOOK NUMBER
International Standard Book Number 0134062086
Terms of availability (sound cassettes)
020 ## - INTERNATIONAL STANDARD BOOK NUMBER
International Standard Book Number 0333592654
039 #9 - LEVEL OF BIBLIOGRAPHIC CONTROL AND CODING DETAIL [OBSOLETE]
Level of rules in bibliographic description 201410140836
Level of effort used to assign nonsubject heading access points pushpa
Level of effort used to assign subject headings 201102181327
Level of effort used to assign classification VLOAD
Level of effort used to assign subject headings 201102181252
Level of effort used to assign classification VLOAD
-- 200407271856
-- VLOAD
082 04 - DEWEY DECIMAL CLASSIFICATION NUMBER
Classification number 428.5
Item number VAU
100 2# - MAIN ENTRY--PERSONAL NAME
Personal name Vaughan-Rees, Michael.
9 (RLIN) 7968
245 10 - TITLE STATEMENT
Title Rhymes and rhythm :
Remainder of title a poem-based course for English pronunciation/
Statement of responsibility, etc. Michael Vaughan-Rees
260 ## - PUBLICATION, DISTRIBUTION, ETC.
Place of publication, distribution, etc. [London] :
Name of publisher, distributor, etc. Macmillan Publishers,
Date of publication, distribution, etc. 1994
300 ## - PHYSICAL DESCRIPTION
Extent 181 p. ;
Dimensions 28 cm.
500 ## - GENERAL NOTE
General note Includes a set of 2 sound cassettes: Set 1: side A: Units 4-39, side B: Units 40-63 (58 min.) - Set 2: side A: Units 66-104, side B: units 106-140 (63 min.)
650 #0 - SUBJECT ADDED ENTRY--TOPICAL TERM
Topical term or geographic name entry element English language
General subdivision Pronunciation.
9 (RLIN) 12892
650 #0 - SUBJECT ADDED ENTRY--TOPICAL TERM
Topical term or geographic name entry element English language
General subdivision Rhyme.
650 #0 - SUBJECT ADDED ENTRY--TOPICAL TERM
Topical term or geographic name entry element English language
General subdivision Rhythm.
920 ## - Programme
Programme LAC : LC0599, LCC178, LCC179. This item is reserved for lecturers of the Language Centre.
Holdings
Withdrawn status Lost status Source of classification or shelving scheme Damaged status Not for loan Home library Current library Date acquired Total Checkouts Barcode Date last seen Date last checked out Copy number Uniform Resource Identifier Koha item type Public note Collection code Serial Enumeration / chronology
Withdrawn   Dewey Decimal Classification     Taylor's Library-TU TU External Storage-LCS 27/07/2004 1 1000024611 12/12/2019 20/04/2010 1   Accompanying Material (Media Resource) SLASx,13004,01,GR Please fill up online form at https://taylorslibrary.taylors.edu.my/services/external_storage1 Set of 2 Cassettes
    Dewey Decimal Classification     Taylor's Library-TU Taylor's Library-TU 23/06/2009 9 5000089969 12/12/2019 26/05/2014 1 Floor 4, Shelf 13 , Side 2, TierNo 1, BayNo 1 Main Collection SLASx,13004,01,GR